000
00317nam a2200121Ia 4500
008
220204s9999 xx 000 0 und d
082
_a
633:582.61(213.5)
_b
PUR.2
100
_a
PURSEGLOVE, J W
245
0
_a
Tropical crops: Dicotyledons. V 2.
260
_a
London
_b
Longman
_c
1968
650
_a
Dicotyledon
942
_c
BK
999
_c
21140
_d
21140